| 000 | 00631nam a2200205Ia 4500 | ||
|---|---|---|---|
| 001 | 10424 | ||
| 003 | GE_BSU | ||
| 008 | 181216s||||||||xx |||||||||||||| ||und|| | ||
| 040 | _cGE_BSU | ||
| 245 | _aРеферативный журнал, №5.2014.Биология. | ||
| 245 | _bРаздел. Биология.Сводный том.Высшие растения | ||
| 245 | _cгл.ред.РАН Р.В.Петров и др. | ||
| 260 | _aМосква | ||
| 260 | _bВинити | ||
| 260 | _c2014 | ||
| 300 | _a40стр.30см. | ||
| 653 | _aБотаника | ||
| 653 | _aРеферативный журнал | ||
| 942 | _cCR | ||
| 999 |
_c43684 _d43684 |
||